Yugioh Boss Monsters by Summon Conditions - Statistics

General Stats
  • This quiz has been taken 22 times
  • The average score is 8 of 30
Answer Stats
Hint Answer % Correct
Special summon with the effect of "Contract with Exodia" Exodia Necross
63%
Special Summon by tributing "Suijin", "Kazejin", and "Sanga of the Thunder" Gate Guardian
56%
Synchro summon with "Majestic Dragon" + "Stardust Dragon" + 1 level 1 monster Majestic Star Dragon
50%
Fusion summon without "Polymerization" by banishing, from your field, "VW Tiger Catapult" and "XYZ Dragon Cannon" VWXYZ Dragon Catapult Cannon
50%
Fusion summon with 5 "Cyberdark" effect monsters Cyberdarkness Dragon
44%
Special summon by summoning or playing in your spell/trap card zone 7 "Crystal Beast" monsters with different names over the coarse of the duel Rainbow Dragon
44%
Synchro summon using 2 tuners + "Red Dragon Archfiend" Red Nova Dragon
44%
Special summon with the effect of "Yubel, Terror Incarnarte" Yubel, the Ultimate Nightmare
44%
Synchro summon using 1 synchro tuner + 1 "Stardust Dragon" Shooting Star Dragon
38%
Special summon by banishing 3 fiend-type monsters from your GY Dark Necrofear
31%
Special summon by tributing "Slifer the Sky Dragon", "Obelisk the Tormentor" and "The Winged Dragon of Ra" Holactie the Creator of Light
31%
Special Summon from your hand or deck by paying 500 LP while you control "Sphinx Teleia" and "Andro Sphinx Theinen the Great Sphinx
31%
Synchro summon using "Majestic Dragon" + "Red Dragon Archfiend" + 1 non-tuner monster Majestic Red Dragon
25%
Synchro summon using 1 synchro tuner + 2 or more non-tuner synchro monsters Shooting Quasar Dragon
25%
Special Summon by the effect of "Dark Element" or by shuffling "Suijin", "Kazejin", and "Sanga of the Thunder" in your hand, GY, or banished or on your field into your deck Dark Guardian
19%
Special summon by returning all monsters in your GY to your deck Exodius the Ultimate Forbidden Lord
19%
XYZ summon using 3 level 9 monsters or using a rankup magic spell card on Number 88: Gimmick Puppet of Leo Number C88: Gimmick Puppet Disaster Leo
19%
XYZ summon using 5 level 13 winged-beast monsters Raidraptor - Rising Rebellion Falcon
19%
Fusion summon using "Dark Fusion" using 1 "Evil HERO" monster and 1 level 5 or higher monster Evil HERO Malicious Bane
13%
Fusion summon using 5 dragon monsters Five God Dragon
13%
Special Summon by tributing "Ushi Oni" Giant Ushi Oni
13%
Fusion summon using "Grapha, Dragon Lord of Darkworld" and 1 DARK monster Grapha, Dragon Overlord of Darkworld
13%
XYZ summon using 5 level 13 monsters Number iC1000: Numerounious Numerounia
13%
Fusion summon by banishing "Uria, Lord of Searing Flames", "Hamon, Lord of Striking Thunder", and "Raviel, Lord of Phantasms" from your field Armityle the Chaos Phantasm
6%
Synchro summon using 1 DARK tuner + 1 or more non-tuner fiend-type monsters Hundred Eyes Dragon
6%
Special Summon by tributing a piece of Exodia Legendary Exodia Incarnate
6%
Special summon by having at least 10 monsters in your GY Sephylon, the Ultimate Timelord
6%
Fusion summon using 1 fusion dragon type monster + 1 synchro dragon type monster + 1 xyz dragon type monster + 1 pendulum dragon type monster Supreme King Dragon Z-ARC
6%
Special summon by tributing "Alpha the Magnet Warrior", "Beta the Magnet Warrior" and "Gamma the Magnet Warrior" Valkyrie the Magna Warrior
6%
Must be normal summoned by tributing 3 dragon-type monsters Victory Dragon
6%
No matching quizzes found
Score Distribution
Percent of People with Each Score
Percentile by Number Answered
Your Score History
You have not taken this quiz